Statistics for Man on Stilts Lyrics

Click here to take the quiz!

General Stats

  • This quiz has been taken 11 times
  • The average score is 73 of 106

Answer Stats

Lyrics% Correct
Walking
100%
a
83%
falling
83%
I
83%
I'm
83%
like
83%
man
83%
on
83%
over.
83%
stilts,
83%
stilts.
83%
be
67%
Couldn't
67%
flow.
67%
Follow
67%
Found
67%
found
67%
got
67%
guardian
67%
heart
67%
it,
67%
it
67%
knew
67%
love
67%
making
67%
Making
67%
me
67%
me.
67%
my,
67%
my.
67%
my
67%
never
67%
no
67%
no.
67%
now.
67%
oh.
67%
oh
67%
Oh
67%
rain.
67%
rain
67%
slow.
67%
Taking
67%
the
67%
until
67%
wonder,
67%
wonder
67%
you
67%
die.
50%
does
50%
for
50%
One
50%
tonight
33%
inside.
17%

Score Distribution

Percentile by Number Answered

Percent of People with Each Score

Your Score History

You have not taken this quiz